1478 1168 1850 1709 1658 1750 1635 1273 1004 1517 1565 1451 1432 1686 1246 1080 1597 1727 1914 1044 1905 1528 1388 1799 1229 1455 1832 1887 1276 1071 1121 1247 1399 1164 1410 1884 1002 1855 1212 1784 1970 1236 1144 1065 1695 1944 1287 1534 1165 1999 1907 1892 1292 1299 1400 1947 1321 1171 1306 1887 1372 1817 1022 1345 1048 1765 1224 1865 1402 1022 1246 1172 1152 1033 1579 1459 1752 1611 1626 1963 1299 1630 1383 1041 1658 1588 1033 1472 1102 1644 1427 1633 1378 1953 1200 1678 1642 1024 1801 BCNSPRNW ULIB Ver.6.0+V

เปลี่ยนเป็นภาษาไทย

Change to English
 แสดงรายละเอียดบรรณานุกรม
  กลับหน้าหลัก

Brief Record : Get Marc (ISO 2709) : E-mail record : QR code < ปิดหน้าต่าง
LEADER : 00000nam 2200000uu 4500
001    13399123209
003     ULIB
008    020711s2551 th a 000 0 tha d
020    9789740424352
090    นว.^bผ111พ
100    ผลิตะวัน
245    พรหมลิขิตรักข้ามขอบฟ้า /^cผลิตะวัน
250    พิมพ์ครั้งที่ 1
260    กรุงเทพฯ :^bบลูบัตเตอร์ฟลาย,^c2551
300    143 หน้า;^b21 ซม.
710    บลูบัตเตอร์ฟลาย
945    ^p139^l0^i20345
999    ^aทศพร เกษรทอง
รายการนี้ยังไม่มีแท็ก
คุณยังไม่ได้ล็อกอิน คุณสามารถมีกิจกรรมร่วมกับเว็บไซต์ได้ แต่ต้องล็อกอินก่อน ::
  ล็อกอิน

รายการสื่อสารสนเทศ

ลำดับที่ ประเภท เลขเรียก/บาร์โค้ด สถานที่ สถานะ
1. นวนิยาย
นวนิยาย
นว. ผ111พ ฉ.1 
  Barcode: 20345
ห้องสมุดวิทยาเขตนครสวรรค์
►นวนิยาย:l:Fiction
บนชั้น

BibComment


ยังไม่เคยถูกคอมเมนท์

คอมเมนท์ทรัพยากรรายการนี้
  คอมเมนท์: พรหมลิขิตรักข้ามข..


 Copyright 2026. Bcnsprnw @Library